000 00317 a2200145 4500
001 61134
020 _a8574184241
040 _cAnchieta - Pituba
100 _aCosta, Marcelo Baccarin
240 1 0 _aGlobetrotter
_lIng
245 1 0 _aGlobetrotter
300 _a303
650 4 _aInglês e inglês antigo
942 _cBK
999 _c61134
_d61134